000 00866nam a22002417a 4500
999 _c6614
_d6614
001 6614
003 BD-JhCC
005 20200722134007.0
008 180127b xxu||||| |||| 00| 0 eng d
020 _a9848065377
035 _a(BD-JhCC)6614
040 _aBD-JhCC
_dBD-JhCC
041 _aeng
082 _a297
_bALI 2005
100 _aআলী, সৈয়দ আমীর
245 _aদ্য স্পিরিট অব ইসলাম :
_bইসলামের মর্মবাণী /
_cসৈয়দ আমীর আলী, মোহাম্মদ দরবেশ আলী খান অনুবাদক
260 _aঢাকা ;
_bপ্যাপিরাস,
_c2005.
300 _a508 p. ;
_c21 cm.
650 _aIslam
700 _aখান, মোহাম্মদ দরবেশ আলী
942 _2ddc
_cBK
_04